00727 2200265 4500001002100000005001700021008004100038020001800079035002400097082001000121090001700131100002100148245007900169250001100248260003300259300002400292440003200316500002700348650001400375700002100389850001500410980001500425985000600440999001500446YOGYA-0209000003204320090227024639.0 ind  a979-421-193-1 0010-020900000032043 a302.5 a302.5bSuk H aSUKANTO, Suryono aHoward S. BeckerbSosologi penyimpangancSoejono Soekanto, Ratih Lestarini aCet. 1 aJakartabRajawali Persc1988 avii, 128 hlmc21 cm aSeri pengenalan sosiologi 9 aBibliografi : hlm. 128 aSosiologi aLestarini, Ratih aYOPDYOG(B) a13-02-2007 a1 a94P0048873